000
00290nam a2200121Ia 4500
008
220104s9999 xx 000 0 und d
100
_a
Abdullah A S
245
0
_a
Gossypol in rubber seed meal
650
_a
Gossypol
650
_a
Rubber seed meal
700
_a
Hutagalung R I
942
_c
BE
999
_c
47533
_d
47533